| 000 | 00761cad a22001935a 4500 | ||
|---|---|---|---|
| 001 | L150513 | ||
| 008 | 100721e20100713xxk 000 0 eng d | ||
| 035 | _a(Sirsi) u150513 | ||
| 041 | 0 | _aeng | |
| 245 | 0 | 0 |
_aIs there a future for low-cost home ownership? _h[electronic resource] |
| 260 | _c2010 | ||
| 490 |
_aCML News and Views _v13 July 2010 |
||
| 520 | _aOptions for low cost home ownership. Considers range of initiatives including shared equity, shared ownership and right to buy. | ||
| 590 | _aKA | ||
| 651 | 4 | _aENGLAND AND WALES | |
| 690 | _aPROPERTY-RESIDENTIAL PROPERTY-DOMESTIC RESIDENTIAL PROPERTY-HOUSING | ||
| 856 | 4 | 8 |
_uhttps://www.cml.org.uk/cml/publications/newsandviews/68/247 _zView this item free of charge at www.cml.org.uk |
| 942 | _n0 | ||
| 999 |
_c82540 _d82540 |
||